[Event "FRA-ch Juniors op"]
[Site "Aix les Bains"]
[Date "2009.04.21"]
[Round "4"]
[White "Durand, Victor"]
[Black "Drone, Alexandre"]
[Result "1-0"]
[WhiteElo "1856"]
[BlackElo "1640"]
[PlyCount "63"]
[EventDate "2009.04.19"]
[EventType "swiss"]
[EventRounds "9"]
[EventCountry "FRA"]
[SourceTitle "CBM 130 Extra"]
[Source "ChessBase"]
[SourceDate "2009.07.02"]
[SourceVersion "2"]
[SourceVersionDate "2009.07.15"]
[SourceQuality "1"]

1. e4 e5 2. Nf3 Nc6 3. Bc4 Nf6 4. d3 h6 5. c3 d5 6. exd5 Nxd5 7. 0-0 Bd6 8. Bxd5 Bg4 9. Nbd2 Qd7 10. Ne4 Be7 11. Bxc6 Qxc6 12. Nxe5 Bxd1 13. Nxc6 bxc6 14. Rxd1 0-0 15. Be3 a5 16. Bc5 Bxc5 17. Nxc5 Rfe8 18. Re1 Rxe1+ 19. Rxe1 Rb8 20. b3 Rd8 21. d4 Kh7 22. f3 Kg6 23. Re7 Rc8 24. Na6 a4 25. Rxc7 axb3 26. axb3 Rxc7 27. Nxc7 Kf5 28. Kf2 Kf6 29. Ke3 Ke7 30. Ke4 Kd6 31. Ne8+ Ke7 32. Nxg7 1-0